| 000 | 00622nam a2200205 a 4500 | ||
|---|---|---|---|
| 005 | 20240530063614.0 | ||
| 008 | 030602s1995 es r 000 0 spa d | ||
| 020 | _a8421625063 | ||
| 035 | _aUPN01000124900 | ||
| 049 | _aCG | ||
| 050 | 4 |
_aPQ6187 _bA5.7 1995 |
|
| 245 | 0 | 0 |
_aAntología de la generación del 27 / _ced., introd., notas y actividades de Antonio A. Gómez Yebra. |
| 250 | _a3a ed. | ||
| 260 |
_aMadrid : _bBruño, _c1995. |
||
| 300 |
_a250 p. : _bil. |
||
| 440 | 0 |
_aAnaquel ; _v36 |
|
| 650 | 4 |
_aPoesía Española _ySiglo XX _91243 |
|
| 700 | 1 |
_aGómez Yebra, Antonio A., _d1950- _eed. _931108 |
|
| 905 | _aLibro | ||
| 999 |
_c97079 _d97079 |
||